Under-resourcing blamed for house building slowdown (Record no. 69683)
[ view plain ]
| 000 -LEADER | |
|---|---|
| fixed length control field | 01179cam a2200229 4500 |
| 001 - CONTROL NUMBER | |
| control field | WB3809-12 |
| 008 - FIXED-LENGTH DATA ELEMENTS--GENERAL INFORMATION | |
| fixed length control field | 020305n2002 000 0 eng u |
| 035 ## - SYSTEM CONTROL NUMBER | |
| System control number | (Sirsi) u116983 |
| 245 ## - TITLE STATEMENT | |
| Title | Under-resourcing blamed for house building slowdown |
| 260 ## - PUBLICATION, DISTRIBUTION, ETC. | |
| Date of publication, distribution, etc. | 2002 |
| 490 ## - SERIES STATEMENT | |
| Series statement | Inside Housing |
| Volume/sequential designation | 1 March 2002, 4(1) |
| 520 ## - SUMMARY, ETC. | |
| Summary, etc. | A study for the Greater London Authority and House Builders Federation has found that under-resourcing and under-staffing in council departments are slowing the delivery of new housing. The "Future housing provision: speeding up delivery" report revealed that roughly a quarter of housing schemes took more than six months to process. Included in the range of recommendations is that affordable housing targets be expressed as absolute numbers rather than percentage targets. "Future housing provision: speeding up delivery" costs £10, t +44 (0)20 7983 4323 or e [email protected] |
| 590 ## - LOCAL NOTE (RLIN) | |
| Local note | WB |
| 650 ## - SUBJECT ADDED ENTRY--TOPICAL TERM | |
| Topical term or geographic name entry element | RESOURCES |
| 650 ## - SUBJECT ADDED ENTRY--TOPICAL TERM | |
| Topical term or geographic name entry element | STAFFING |
| 650 ## - SUBJECT ADDED ENTRY--TOPICAL TERM | |
| Topical term or geographic name entry element | LOCAL AUTHORITIES |
| 650 ## - SUBJECT ADDED ENTRY--TOPICAL TERM | |
| Topical term or geographic name entry element | NEW HOUSING |
| 650 ## - SUBJECT ADDED ENTRY--TOPICAL TERM | |
| Topical term or geographic name entry element | GREATER LONDON AUTHORITY |
| 650 ## - SUBJECT ADDED ENTRY--TOPICAL TERM | |
| Topical term or geographic name entry element | HOUSE BUILDERS FEDERATION |
| 690 ## - LOCAL SUBJECT ADDED ENTRY--TOPICAL TERM (OCLC, RLIN) | |
| Topical term or geographic name as entry element | HOUSING-DEVELOPMENT |
| 942 ## - ADDED ENTRY ELEMENTS (KOHA) | |
| Suppress in OPAC | 0 |
| Withdrawn status | Lost status | Source of classification or shelving scheme | Damaged status | Not for loan | Home library | Current library | Shelving location | Date acquired | Total Checkouts | Full call number | Barcode | Date last seen | Copy number | Price effective from | Koha item type |
|---|---|---|---|---|---|---|---|---|---|---|---|---|---|---|---|
| Dewey Decimal Classification | London | London | News article | 05/03/2002 | WB3809-12 | 116983-1001 | 06/08/2019 | 1 | 06/08/2019 | News article |